[Event "Iberoamerican-ch 9th"]
[Site "Panama City"]
[Date "2023.11.29"]
[Round "6"]
[White "Fabrega Van Der Laat, Jose Bernardo"]
[Black "Mata Tencio, Randall"]
[Result "0-1"]
[WhiteElo "1359"]
[BlackElo "1902"]
[PlyCount "70"]
[EventDate "2023.11.25"]
[EventType "swiss"]
[EventRounds "9"]
[EventCountry "PAN"]
[SourceTitle "CB49_2023"]
[SourceDate "2023.12.06"]
[SourceVersion "1"]
[SourceVersionDate "2023.12.06"]
[SourceQuality "1"]

1. e4 c5 2. Nf3 Nc6 3. Bb5 g6 4. Bxc6 bxc6 5. c4 Bg7 6. Nc3 e5 7. d3 Ne7 8. Be3 d6 9. Qc1 Rb8 10. Rb1 0-0 11. a3 f5 12. b4 f4 13. Bd2 cxb4 14. axb4 Bg4 15. Qa3 Bxf3 16. gxf3 Qd7 17. Qa2 Kh8 18. h4 h6 19. Ke2 Rfd8 20. b5 d5 21. bxc6 Nxc6 22. Rxb8 Nd4+ 23. Kd1 Rxb8 24. Nxd5 Nxf3 25. Kc1 Nd4 26. Bc3 Nb3+ 27. Kc2 Qg4 28. Nb4 Bf6 29. Rh2 Nd4+ 30. Bxd4 exd4 31. Qa3 Qe2+ 32. Kb3 Qxd3+ 33. Ka4 Qxc4 34. Rh1 a5 35. Rc1 Rxb4+ 0-1

[Event "Iberoamerican-ch 9th"]
[Site "Panama City"]
[Date "2023.11.26"]
[Round "3"]
[White "Palma Villanueva, Miguel Ta"]
[Black "Mata Tencio, Randall"]
[Result "1-0"]
[WhiteElo "2286"]
[BlackElo "1902"]
[PlyCount "59"]
[EventDate "2023.11.25"]
[EventType "swiss"]
[EventRounds "9"]
[EventCountry "PAN"]
[SourceTitle "CB49_2023"]
[SourceDate "2023.12.06"]
[SourceVersion "1"]
[SourceVersionDate "2023.12.06"]
[SourceQuality "1"]

1. e4 c5 2. Nf3 Nc6 3. Bb5 g6 4. 0-0 Bg7 5. Re1 Nf6 6. Nc3 a6 7. Bxc6 dxc6 8. e5 Nd5 9. Ne4 c4 10. b3 Bg4 11. bxc4 Bxe5 12. cxd5 Bxa1 13. c3 0-0 14. Ba3 Bb2 15. Bxb2 cxd5 16. Ng3 Re8 17. h3 Bxf3 18. Qxf3 Qa5 19. a3 e5 20. h4 h5 21. Qe3 Qd8 22. c4 d4 23. Qh6 Qxh4 24. Ne4 Qe7 25. a4 Qe6 26. Ng5 Qf6 27. Qh7+ Kf8 28. Ba3+ Re7 29. Rxe5 Qxe5 30. Qxf7# 1-0

[Event "Pan American-ch Amateur U2000"]
[Site "San Jose"]
[Date "2019.10.??"]
[Round "5"]
[White "Calvo Campos, Adrian"]
[Black "Mata Tencio, Randall"]
[Result "1-0"]
[WhiteElo "1702"]
[BlackElo "1689"]
[PlyCount "59"]
[EventDate "2019.10.23"]
[EventType "swiss"]
[EventRounds "9"]
[EventCountry "CRI"]
[SourceTitle "EXT 2024"]
[Source "ChessBase"]
[SourceDate "2023.10.10"]
[SourceVersion "1"]
[SourceVersionDate "2023.10.10"]
[SourceQuality "1"]

1. e4 c5 2. Nc3 Nc6 3. f4 e6 4. Nf3 d6 5. d4 cxd4 6. Nxd4 Nf6 7. Be3 Be7 8. Qf3 0-0 9. 0-0-0 Nxd4 10. Bxd4 e5 11. fxe5 Bg4 12. exf6 Bxf3 13. fxe7 Qxe7 14. gxf3 Rfc8 15. Rg1 g6 16. Nd5 Qe6 17. Nf6+ Kf8 18. Nxh7+ Ke7 19. Kb1 Rc7 20. Bf6+ Kd7 21. Bb5+ Kc8 22. e5 d5 23. Ng5 Qf5 24. Ba4 b5 25. Bb3 a5 26. Bxd5 Qxc2+ 27. Ka1 Kb8 28. Be4 Qc5 29. e6 Ra6 30. Bd4 1-0